Highest Grossing Movies of 1993 - Statistics

General Stats
  • This quiz has been taken 86 times
  • The average score is 5 of 24
Answer Stats
Rank Gross Movie Company % Correct
1 $1,029,900,000 Jurassic Park Universal Pictures
97%
4 $322,100,000 Schindler's List Universal Pictures
72%
9 $206,700,000 Philadelphia TriStar Pictures
56%
2 $441,300,000 Mrs. Doubtfire 20th Century Fox
47%
17 $137,300,000 Last Action Hero Columbia Pictures
31%
8 $227,900,000 Sleepless in Seattle TriStar Pictures
31%
3 $368,900,000 The Fugitive Warner Bros. Pictures
28%
16 $140,000,000 The Piano Miramax Films
28%
5 $270,200,000 The Firm Paramount Pictures
19%
7 $255,000,000 Cliffhanger TriStar Pictures
16%
6 $266,600,000 Indecent Proposal Paramount Pictures
16%
11 $177,000,000 In the Line of Fire Columbia Pictures
16%
12 $159,100,000 Demolition Man Warner Bros. Pictures
6%
18 $135,100,000 A Perfect World Warner Bros. Pictures
3%
10 $195,300,000 The Pelican Brief Warner Bros. Pictures
3%
20 $118,200,000 Beethoven's 2nd Universal Pictures
0%
13 $154,900,000 Cool Runnings Walt Disney Pictures
0%
21 $117,200,000 Dennis the Menace Warner Bros. Pictures
0%
14 $153,600,000 Free Willy Warner Bros. Pictures
0%
19 $133,800,000 Hot Shots! Part Deux 20th Century Fox
0%
24 $104,000,000 Made in America Warner Bros. Pictures
0%
23 $107,200,000 Rising Sun 20th Century Fox
0%
22 $116,300,000 Sliver Paramount Pictures
0%
15 $140,900,000 Sommersby Warner Bros. Pictures
0%
No matching quizzes found
Score Distribution
Percent of People with Each Score
Percentile by Number Answered
Your Score History
You have not taken this quiz